<?xml version="1.0" encoding="UTF-8"?><?xml-stylesheet type="text/xsl" href="static/style.xsl"?><OAI-PMH xmlns="http://www.openarchives.org/OAI/2.0/" xmlns:xsi="http://www.w3.org/2001/XMLSchema-instance" xsi:schemaLocation="http://www.openarchives.org/OAI/2.0/ http://www.openarchives.org/OAI/2.0/OAI-PMH.xsd"><responseDate>2026-06-06T05:02:41Z</responseDate><request verb="GetRecord" identifier="oai:riuma.uma.es:10630/25318" metadataPrefix="marc">https://riuma.uma.es/rest/oai/request</request><GetRecord><record><header><identifier>oai:riuma.uma.es:10630/25318</identifier><datestamp>2026-02-03T10:17:52Z</datestamp><setSpec>com_10630_1685</setSpec><setSpec>col_10630_38085</setSpec></header><metadata><record xmlns="http://www.loc.gov/MARC21/slim" xmlns:dcterms="http://purl.org/dc/terms/" xmlns:doc="http://www.lyncode.com/xoai" xmlns:xsi="http://www.w3.org/2001/XMLSchema-instance" xsi:schemaLocation="http://www.loc.gov/MARC21/slim http://www.loc.gov/standards/marcxml/schema/MARC21slim.xsd">
   <leader>00925njm 22002777a 4500</leader>
   <datafield ind2=" " ind1=" " tag="042">
      <subfield code="a">dc</subfield>
   </datafield>
   <datafield ind2=" " ind1=" " tag="720">
      <subfield code="a">González-Jurado, Deborah</subfield>
      <subfield code="e">author</subfield>
   </datafield>
   <datafield ind2=" " ind1=" " tag="260">
      <subfield code="c">2022</subfield>
   </datafield>
   <datafield ind2=" " ind1=" " tag="520">
      <subfield code="a">A través de las letras de coplas podemos comprender na parte de la mentalidad colec\va española respecto a la representación social de la mujer.&#xd;
&#xd;
Si bien la función social de la mujer era principalmente el matrimonio, la fidelidad al esposo y a con\nuar con el compromiso, pese a cualquier circunstancia, bajo riesgo de ser condenada al ostracismo y al oprobio social en caso contrario, también exis a el punto de vista contrario, en forma de burla mordaz a situaciones ridículas y comunes.&#xd;
&#xd;
Como en todas las artes y épocas, debemos tener en cuenta que los estereo\pos, aunque predominantes, no son absolutos . Existen excepciones y crí\ca social.&#xd;
&#xd;
Estas crí\cas y excepciones, suelen ser efectuadas desde posturas humorís\cas, tanto en el pasado como en el presente. Actualmente son las mismas mujeres quienes componen las letras y músicas de las canciones,&#xd;
y desde el ámbito del feminismo, las crí\cas se realizan conscientemente.</subfield>
   </datafield>
   <datafield ind1="8" ind2=" " tag="024">
      <subfield code="a">GONZÁLEZ JURADO, Deborah (2022) La copla como reflejo de la situación social femenina: siglo XIX, franquismo, Transición y actualidad, Powerpoint de clase para alumnos, 22 diapositivas</subfield>
   </datafield>
   <datafield ind1="8" ind2=" " tag="024">
      <subfield code="a">https://hdl.handle.net/10630/25318</subfield>
   </datafield>
   <datafield tag="653" ind2=" " ind1=" ">
      <subfield code="a">Coplas</subfield>
   </datafield>
   <datafield tag="653" ind2=" " ind1=" ">
      <subfield code="a">Solteros</subfield>
   </datafield>
   <datafield tag="653" ind2=" " ind1=" ">
      <subfield code="a">Mujeres -- 18..</subfield>
   </datafield>
   <datafield tag="653" ind2=" " ind1=" ">
      <subfield code="a">Franquismo</subfield>
   </datafield>
   <datafield ind2="0" ind1="0" tag="245">
      <subfield code="a">La copla como reflejo de la situación social femenina: siglo XIX, franquismo, Transición y actualidad</subfield>
   </datafield>
</record>
</metadata></record></GetRecord></OAI-PMH>